000 01345nam a22003137a 4500
005 20240530110340.0
008 141102s2011 le gr 001 0dara d
020 _a9789953823713
040 _aEG-CaGPL
082 0 4 _221
_a305.23\
_bأ ط
100 0 _aاحمد عبدالحليم
245 1 2 _aالطفل فى الوطن العربى ( واقع واحتياجات ) /
_cاحمد عبدالحليم [ واخ. ] ؛ تقديم وتحرير احمد مفلح
260 _aبيروت :
_bمركز دراسات الوحدة العربية ،
_c2011
300 _a576 ص ؛
_c24 سم
490 _aسلسلة كتب المستقبل العربى ؛
_v62
650 0 4 _aالاطفال
_xرعاية
650 0 4 _aالاطفال
_xتربية
650 0 4 _aالمشاكل الاجتماعية
650 0 4 _aالشئون الاجتماعية
650 0 4 _aالاطفال
_xالعناية الصحية
650 0 4 _aالاطفال
_xالحقوق
650 0 4 _aتعليم الاطفال
700 0 _aحازم النعيمى
_eمؤلف مشارك
700 0 _aمحمد خليل الرفاعى
_eمؤلف مشارك
700 0 _aاحمد عبدالعزيز شلبى
_eمؤلف مشارك
700 0 _aاحمد مفلح
_eمقدم ومحرر
942 _2ddc
_cBK
999 _c59861
_d59861